[Event "DVM U20w 2022"]
[Site "Münster GER"]
[Date "2022.12.28"]
[Round "4"]
[White "Kessen, Fanny"]
[Black "Sereda, Yaroslava"]
[Result "0-1"]
[Termination "normal"]
[Board "3.3"]
[WhiteElo "1369"]
[BlackElo "1885"]
[WhiteClock "00:23:33"]
[BlackClock "00:09:03"]
[WhiteTeam "SC Borussia Lichtenberg"]
[BlackTeam "Schachgesellschaft Solingen e. V."]
[PlyCount "95"]
[WhiteFideId "16217357"]
[BlackFideId "14178940"]
[EventCountry "GER"]
[EventRounds "7"]
[EventType "team-swiss"]
[EventDate "2022.12.26"]

1. e4 {[%clk 01:30:58]} c5 {[%clk 01:30:49]} {[%emt 00:00:12]} 2. Nc3 {[%clk
01:31:21]} {[%emt 00:00:07]} Nc6 {[%clk 01:31:06]} {[%emt 00:00:14]} 3. d3
{[%clk 01:31:46]} {[%emt 00:00:04]} g6 {[%clk 01:31:09]} {[%emt 00:00:27]} 4.
g3 {[%clk 01:31:55]} {[%emt 00:00:21]} Bg7 {[%clk 01:31:02]} {[%emt 00:00:36]}
5. Bg2 {[%clk 01:32:01]} {[%emt 00:00:24]} e6 {[%clk 01:29:31]} {[%emt
00:02:01]} 6. Nge2 {[%clk 01:31:37]} {[%emt 00:00:53]} Nge7 {[%clk 01:28:34]}
{[%emt 00:01:28]} 7. O-O {[%clk 01:31:34]} {[%emt 00:00:33]} d6 {[%clk
01:23:04]} {[%emt 00:06:00]} 8. Be3 {[%clk 01:30:30]} {[%emt 00:01:33]} Nd4
{[%clk 01:19:47]} {[%emt 00:03:47]} 9. Qd2 {[%clk 01:29:07]} {[%emt 00:01:53]}
O-O {[%clk 01:18:03]} {[%emt 00:02:13]} 10. Nd1 {[%clk 01:27:17]} {[%emt
00:02:20]} Rb8 {[%clk 00:53:57]} {[%emt 00:24:36]} 11. c3 {[%clk 01:24:26]}
{[%emt 00:03:21]} Nxe2 {[%clk 00:53:55]} {[%emt 00:00:32]} 12. Qxe2 {[%clk
01:24:37]} {[%emt 00:00:19]} e5 {[%clk 00:52:11]} {[%emt 00:02:14]} 13. Qd2
{[%clk 01:22:56]} {[%emt 00:02:11]} Nc6 {[%clk 00:46:49]} {[%emt 00:05:52]} 14.
Bh6 {[%clk 01:21:11]} {[%emt 00:02:15]} Be6 {[%clk 00:38:42]} {[%emt 00:08:37]}
15. Bxg7 {[%clk 01:20:38]} {[%emt 00:01:02]} Kxg7 {[%clk 00:39:06]} {[%emt
00:00:07]} 16. Ne3 {[%clk 01:12:31]} {[%emt 00:08:37]} b5 {[%clk 00:35:00]}
{[%emt 00:04:36]} 17. Rfd1 {[%clk 01:04:21]} {[%emt 00:08:40]} b4 {[%clk
00:30:43]} {[%emt 00:04:47]} 18. c4 {[%clk 01:02:10]} {[%emt 00:02:42]} Nd4
{[%clk 00:26:47]} {[%emt 00:04:26]} 19. Rf1 {[%clk 00:54:51]} {[%emt 00:07:48]}
h5 {[%clk 00:20:28]} {[%emt 00:06:49]} 20. Nc2 {[%clk 00:51:18]} {[%emt
00:04:04]} Nc6 {[%clk 00:18:10]} {[%emt 00:02:47]} 21. b3 {[%clk 00:50:09]}
{[%emt 00:01:39]} h4 {[%clk 00:16:44]} {[%emt 00:01:56]} 22. Bf3 {[%clk
00:47:11]} {[%emt 00:03:28]} Rh8 {[%clk 00:14:22]} {[%emt 00:02:52]} 23. Qe2
{[%clk 00:38:25]} {[%emt 00:09:16]} Qg5 {[%clk 00:12:17]} {[%emt 00:02:34]} 24.
Qe3 {[%clk 00:34:43]} {[%emt 00:04:13]} Qf6 {[%clk 00:11:00]} {[%emt 00:01:47]}
25. Qe2 {[%clk 00:30:11]} {[%emt 00:05:03]} Rh7 {[%clk 00:09:13]} {[%emt
00:02:16]} 26. g4 {[%clk 00:24:34]} {[%emt 00:06:07]} h3 {[%clk 00:06:44]}
{[%emt 00:02:58]} 27. Bh1 {[%clk 00:22:37]} {[%emt 00:02:28]} Rh4 {[%clk
00:02:04]} {[%emt 00:05:11]} 28. f3 {[%clk 00:21:47]} {[%emt 00:01:19]} Bd7
{[%clk 00:00:51]} {[%emt 00:01:43]} 29. Rf2 {[%clk 00:20:14]} {[%emt 00:02:04]}
Nd8 {[%clk 00:00:49]} {[%emt 00:00:32]} 30. Ne3 {[%clk 00:19:21]} {[%emt
00:01:23]} Ne6 {[%clk 00:00:48]} {[%emt 00:00:30]} 31. Nd5 {[%clk 00:18:53]}
{[%emt 00:00:58]} Qd8 {[%clk 00:00:49]} {[%emt 00:00:29]} 32. Qd2 {[%clk
00:17:57]} {[%emt 00:01:25]} Nd4 {[%clk 00:00:41]} {[%emt 00:00:38]} 33. Ne3
{[%clk 00:16:51]} {[%emt 00:01:36]} a5 {[%clk 00:00:40]} {[%emt 00:00:31]} 34.
Nc2 {[%clk 00:16:34]} {[%emt 00:00:47]} Ne6 {[%clk 00:00:47]} {[%emt 00:00:23]}
35. Ne3 {[%clk 00:16:34]} {[%emt 00:00:31]} Ra8 {[%clk 00:00:50]} {[%emt
00:00:27]} 36. Rff1 {[%clk 00:15:44]} {[%emt 00:01:20]} a4 {[%clk 00:00:51]}
{[%emt 00:00:29]} 37. Nc2 {[%clk 00:14:25]} {[%emt 00:01:49]} Nf4 {[%clk
00:00:39]} {[%emt 00:00:42]} 38. Ne3 {[%clk 00:14:20]} {[%emt 00:00:35]} Bc6
{[%clk 00:00:36]} {[%emt 00:00:32]} 39. Qc2 {[%clk 00:13:21]} {[%emt 00:01:29]}
Qg5 {[%clk 00:00:38]} {[%emt 00:00:28]} 40. Nd5 {[%clk 00:08:10]} {[%emt
00:05:41]} Ne6 {[%clk 00:00:41]} {[%emt 00:00:26]} 41. Qc1 {[%clk 00:07:25]}
{[%emt 00:01:15]} Qxc1 {[%clk 00:15:12]} {[%emt 00:15:59]} 42. Rfxc1 {[%clk
00:37:20]} {[%emt 00:00:35]} Bxd5 {[%clk 00:10:58]} {[%emt 00:04:44]} 43. exd5
{[%clk 00:36:10]} {[%emt 00:01:41]} Nd4 {[%clk 00:10:26]} {[%emt 00:01:01]} 44.
Kf2 {[%clk 00:28:17]} {[%emt 00:08:23]} axb3 {[%clk 00:10:07]} {[%emt
00:00:50]} 45. axb3 {[%clk 00:28:32]} {[%emt 00:00:15]} Rhh8 {[%clk 00:08:24]}
{[%emt 00:02:13]} 46. Ke3 {[%clk 00:23:14]} {[%emt 00:05:48]} Rxa1 {[%clk
00:08:38]} {[%emt 00:00:16]} 47. Rxa1 {[%clk 00:23:33]} {[%emt 00:00:11]} Nc2
{[%clk 00:09:03]} {[%emt 00:00:05]} 48. Kd4 {[%emt 00:01:21]} 0-1

[Event "DVM U20w 2022"]
[Site "Münster GER"]
[Date "2022.12.28"]
[Round "4"]
[White "Dhanasekaran Meenambigai, Diya"]
[Black "Ludwig, Lea"]
[Result "1/2-1/2"]
[Termination "normal"]
[Board "3.4"]
[WhiteElo "1437"]
[BlackElo "1315"]
[WhiteClock "00:24:15"]
[BlackClock "00:01:43"]
[WhiteTeam "Schachgesellschaft Solingen e. V."]
[BlackTeam "SC Borussia Lichtenberg"]
[PlyCount "148"]
[WhiteFideId "34611924"]
[BlackFideId "16217381"]
[EventCountry "GER"]
[EventRounds "7"]
[EventType "team-swiss"]
[EventDate "2022.12.26"]

1. e4 {[%clk 01:30:55]} {[%emt 00:00:04]} c5 {[%clk 01:30:56]} {[%emt
00:00:05]} 2. Nf3 {[%clk 01:31:17]} {[%emt 00:00:08]} Nc6 {[%clk 01:31:03]}
{[%emt 00:00:23]} 3. Nc3 {[%clk 01:30:46]} {[%emt 00:01:01]} d6 {[%clk
01:29:48]} {[%emt 00:01:45]} 4. d4 {[%clk 01:30:00]} {[%emt 00:01:16]} cxd4
{[%clk 01:30:04]} {[%emt 00:00:14]} 5. Nxd4 {[%clk 01:30:12]} {[%emt 00:00:18]}
Nf6 {[%clk 01:30:18]} {[%emt 00:00:17]} 6. Be3 {[%clk 01:27:27]} {[%emt
00:03:14]} g6 {[%clk 01:29:50]} {[%emt 00:00:58]} 7. f3 {[%clk 01:26:30]}
{[%emt 00:01:26]} Bg7 {[%clk 01:29:51]} {[%emt 00:00:29]} 8. Qd2 {[%clk
01:25:18]} {[%emt 00:01:42]} O-O {[%clk 01:29:37]} {[%emt 00:00:44]} 9. g4
{[%clk 01:22:58]} {[%emt 00:02:50]} Qc7 {[%clk 01:21:02]} {[%emt 00:09:04]} 10.
h4 {[%clk 01:22:03]} {[%emt 00:01:25]} Ne5 {[%emt 00:03:30]} 11. h5 {[%clk
01:14:44]} {[%emt 00:07:47]} Nc4 {[%clk 01:12:44]} {[%emt 00:05:50]} 12. Bxc4
{[%clk 01:14:30]} {[%emt 00:00:43]} Qxc4 {[%emt 00:00:14]} 13. O-O-O {[%clk
01:13:56]} {[%emt 00:01:02]} a6 {[%clk 01:12:49]} {[%emt 00:00:43]} 14. Bh6
{[%clk 01:11:12]} {[%emt 00:03:14]} b5 {[%clk 01:08:39]} {[%emt 00:04:40]} 15.
Bxg7 {[%clk 01:11:09]} {[%emt 00:00:33]} Kxg7 {[%clk 01:09:02]} {[%emt
00:00:07]} 16. hxg6 {[%clk 01:11:04]} {[%emt 00:00:35]} fxg6 {[%clk 01:08:33]}
{[%emt 00:00:59]} 17. Nf5 {[%clk 00:58:22]} {[%emt 00:13:12]} Kh8 {[%clk
01:03:55]} {[%emt 00:05:08]} 18. Nxe7 {[%clk 00:57:02]} {[%emt 00:01:50]} Qf7
{[%clk 01:03:30]} {[%emt 00:00:55]} 19. g5 {[%clk 00:53:26]} {[%emt 00:04:06]}
Qxe7 {[%clk 01:02:29]} {[%emt 00:01:31]} 20. gxf6 {[%clk 00:53:17]} {[%emt
00:00:39]} Qxf6 {[%clk 01:01:55]} {[%emt 00:01:03]} 21. Qh6 {[%clk 00:44:37]}
{[%emt 00:09:09]} Rf7 {[%clk 00:51:53]} {[%emt 00:10:33]} 22. Rdf1 {[%clk
00:42:58]} {[%emt 00:02:08]} Bb7 {[%clk 00:49:18]} {[%emt 00:03:05]} 23. f4
{[%clk 00:41:18]} {[%emt 00:02:10]} Qe7 {[%clk 00:44:52]} {[%emt 00:04:56]} 24.
Re1 {[%clk 00:38:18]} {[%emt 00:03:30]} Raf8 {[%clk 00:41:27]} {[%emt
00:03:54]} 25. Rhf1 {[%clk 00:37:25]} {[%emt 00:01:24]} Qd7 {[%clk 00:36:54]}
{[%emt 00:05:03]} 26. Nd5 {[%clk 00:32:54]} {[%emt 00:05:00]} Bxd5 {[%clk
00:35:51]} {[%emt 00:01:33]} 27. exd5 {[%clk 00:33:07]} {[%emt 00:00:18]} Qf5
{[%clk 00:34:26]} {[%emt 00:01:54]} 28. Qh1 {[%clk 00:31:53]} {[%emt 00:01:45]}
Qg4 {[%clk 00:31:03]} {[%emt 00:03:53]} 29. Qe4 {[%clk 00:26:40]} {[%emt
00:05:43]} Rxf4 {[%clk 00:24:42]} {[%emt 00:06:51]} 30. Rxf4 {[%clk 00:26:07]}
{[%emt 00:01:02]} Qxf4 {[%clk 00:25:01]} {[%emt 00:00:12]} 31. Qxf4 {[%clk
00:26:25]} {[%emt 00:00:12]} Rxf4 {[%clk 00:25:23]} {[%emt 00:00:07]} 32. Re6
{[%clk 00:26:42]} {[%emt 00:00:13]} Rf7 {[%clk 00:25:11]} {[%emt 00:00:43]} 33.
Rxd6 {[%clk 00:26:58]} {[%emt 00:00:14]} Ra7 {[%clk 00:25:26]} {[%emt
00:00:14]} 34. Rd8 {[%clk 00:27:01]} {[%emt 00:00:27]} Kg7 {[%clk 00:25:45]}
{[%emt 00:00:12]} 35. d6 {[%clk 00:27:15]} {[%emt 00:00:16]} Kf7 {[%clk
00:25:08]} {[%emt 00:01:07]} 36. d7 {[%clk 00:27:27]} {[%emt 00:00:19]} Ke6
{[%clk 00:23:21]} {[%emt 00:02:16]} 37. Rh8 {[%clk 00:23:29]} {[%emt 00:04:28]}
Rxd7 {[%clk 00:23:40]} {[%emt 00:00:11]} 38. c3 {[%clk 00:23:46]} {[%emt
00:00:13]} h5 {[%clk 00:23:41]} {[%emt 00:00:30]} 39. Kc2 {[%clk 00:23:46]}
{[%emt 00:00:30]} Kf5 {[%clk 00:23:22]} {[%emt 00:00:49]} 40. b3 {[%clk
00:23:50]} {[%emt 00:00:25]} Rc7 {[%clk 00:22:48]} {[%emt 00:01:03]} 41. Kd3
{[%clk 00:23:59]} {[%emt 00:00:22]} Rd7 {[%clk 00:22:38]} {[%emt 00:00:40]} 42.
Ke3 {[%clk 00:24:00]} {[%emt 00:00:29]} Kg4 {[%clk 00:22:33]} {[%emt 00:00:34]}
43. Rh6 {[%clk 00:23:56]} {[%emt 00:00:34]} Rd6 {[%clk 00:21:53]} {[%emt
00:01:11]} 44. Kf2 {[%clk 00:23:55]} {[%emt 00:00:31]} Kg5 {[%clk 00:19:52]}
{[%emt 00:02:31]} 45. Rh8 {[%clk 00:23:44]} {[%emt 00:00:40]} Rd2 {[%clk
00:18:56]} {[%emt 00:01:26]} 46. Kg3 {[%clk 00:23:46]} {[%emt 00:00:28]} Rxa2
{[%clk 00:19:14]} {[%emt 00:00:12]} 47. Rc8 {[%clk 00:23:48]} {[%emt 00:00:28]}
Ra3 {[%clk 00:18:59]} {[%emt 00:00:46]} 48. Rc5 {[%clk 00:23:55]} {[%emt
00:00:23]} Kh6 {[%clk 00:19:17]} {[%emt 00:00:13]} 49. b4 {[%clk 00:24:11]}
{[%emt 00:00:14]} Ra1 {[%clk 00:19:08]} {[%emt 00:00:38]} 50. Kh4 {[%clk
00:24:28]} {[%emt 00:00:13]} Rh1 {[%clk 00:18:13]} {[%emt 00:01:25]} 51. Kg3
{[%clk 00:24:50]} {[%emt 00:00:08]} Rg1 {[%clk 00:18:33]} {[%emt 00:00:10]} 52.
Kh2 {[%clk 00:25:10]} {[%emt 00:00:09]} Rg5 {[%clk 00:18:37]} {[%emt 00:00:27]}
53. Rc6 {[%clk 00:25:29]} {[%emt 00:00:11]} h4 {[%clk 00:18:52]} {[%emt
00:00:15]} 54. Rxa6 {[%clk 00:25:48]} {[%emt 00:00:11]} Kh5 {[%clk 00:18:39]}
{[%emt 00:00:44]} 55. Ra5 {[%clk 00:25:45]} {[%emt 00:00:32]} Rf5 {[%clk
00:18:17]} {[%emt 00:00:52]} 56. Kg2 {[%clk 00:25:40]} {[%emt 00:00:35]} Kg4
{[%clk 00:18:25]} {[%emt 00:00:23]} 57. Ra2 {[%clk 00:24:34]} {[%emt 00:01:35]}
g5 {[%clk 00:15:22]} {[%emt 00:03:33]} 58. Kh2 {[%clk 00:24:29]} {[%emt
00:00:35]} Rf3 {[%clk 00:12:43]} {[%emt 00:03:09]} 59. Rc2 {[%clk 00:24:26]}
{[%emt 00:00:33]} h3 {[%clk 00:12:07]} {[%emt 00:01:07]} 60. c4 {[%clk
00:24:39]} {[%emt 00:00:17]} bxc4 {[%clk 00:12:07]} {[%emt 00:00:30]} 61. Rxc4
{[%clk 00:24:58]} {[%emt 00:00:11]} Kh5 {[%clk 00:12:05]} {[%emt 00:00:32]} 62.
b5 {[%clk 00:24:58]} {[%emt 00:00:30]} Rb3 {[%clk 00:12:12]} {[%emt 00:00:23]}
63. b6 {[%clk 00:25:16]} {[%emt 00:00:12]} g4 {[%clk 00:10:57]} {[%emt
00:01:45]} 64. Rc6 {[%clk 00:24:26]} {[%emt 00:01:18]} Kg5 {[%clk 00:08:17]}
{[%emt 00:03:12]} 65. Rc5 {[%clk 00:24:10]} {[%emt 00:00:46]} Kf4 {[%clk
00:08:25]} {[%emt 00:00:21]} 66. Rc6 {[%clk 00:24:19]} {[%emt 00:00:22]} Rb2
{[%clk 00:08:37]} {[%emt 00:00:18]} 67. Kh1 {[%clk 00:24:17]} {[%emt 00:00:33]}
Kg3 {[%clk 00:07:04]} {[%emt 00:02:03]} 68. Rc3 {[%clk 00:24:27]} {[%emt
00:00:19]} Kh4 {[%clk 00:05:47]} {[%emt 00:01:48]} 69. Rc1 {[%clk 00:23:45]}
{[%emt 00:01:11]} Rxb6 {[%clk 00:05:42]} {[%emt 00:00:35]} 70. Rd1 {[%clk
00:23:40]} {[%emt 00:00:35]} Rb2 {[%clk 00:05:56]} {[%emt 00:00:16]} 71. Kg1
{[%clk 00:23:52]} {[%emt 00:00:17]} h2 {[%clk 00:05:01]} {[%emt 00:01:27]} 72.
Kh1 {[%clk 00:24:06]} {[%emt 00:00:16]} g3 {[%clk 00:01:33]} {[%emt 00:03:58]}
73. Rd4 {[%clk 00:23:57]} {[%emt 00:00:39]} Kh3 {[%clk 00:01:43]} {[%emt
00:00:20]} 74. Rh4 {[%clk 00:24:15]} {[%emt 00:00:12]} Kxh4 {[%emt 00:00:36]}
1/2-1/2

[Event "DVM U20w 2022"]
[Site "Münster GER"]
[Date "2022.12.28"]
[Round "4"]
[White "Falke, Ornella"]
[Black "Kalina, Lena"]
[Result "1-0"]
[Termination "normal"]
[Board "4.1"]
[WhiteTitle "WCM"]
[WhiteElo "2016"]
[BlackElo "1842"]
[WhiteClock "00:03:17"]
[BlackClock "00:00:31"]
[WhiteTeam "Elmshorner SC von 1896"]
[BlackTeam "SC Landskrone"]
[PlyCount "133"]
[WhiteFideId "16207092"]
[BlackFideId "12988014"]
[EventCountry "GER"]
[EventRounds "7"]
[EventType "team-swiss"]
[EventDate "2022.12.26"]

1. d4 {[%clk 01:30:53]} {[%emt 00:00:06]} d5 {[%clk 01:30:53]} {[%emt
00:00:08]} 2. c4 {[%clk 01:31:16]} {[%emt 00:00:07]} c6 {[%clk 01:31:17]}
{[%emt 00:00:05]} 3. Nf3 {[%clk 01:31:12]} {[%emt 00:00:35]} Nf6 {[%clk
01:31:08]} {[%emt 00:00:39]} 4. Nc3 {[%clk 01:30:50]} {[%emt 00:00:51]} dxc4
{[%clk 01:31:15]} {[%emt 00:00:23]} 5. a4 {[%clk 01:30:43]} {[%emt 00:00:37]}
Bf5 {[%clk 01:31:15]} {[%emt 00:00:31]} 6. e3 {[%clk 01:27:12]} {[%emt
00:04:01]} e6 {[%clk 01:30:37]} {[%emt 00:01:07]} 7. Bxc4 {[%clk 01:26:26]}
{[%emt 00:01:16]} Bb4 {[%clk 01:30:50]} {[%emt 00:00:17]} 8. O-O {[%clk
01:24:50]} {[%emt 00:02:07]} O-O {[%clk 01:30:34]} {[%emt 00:00:45]} 9. Qb3
{[%clk 01:22:10]} {[%emt 00:03:11]} a5 {[%clk 01:27:30]} {[%emt 00:03:34]} 10.
h3 {[%clk 01:18:05]} {[%emt 00:04:34]} Nbd7 {[%clk 01:23:48]} {[%emt 00:04:12]}
11. Nh4 {[%clk 01:11:23]} {[%emt 00:07:11]} Bg6 {[%clk 01:22:22]} {[%emt
00:01:57]} 12. Nxg6 {[%clk 01:11:32]} {[%emt 00:00:21]} hxg6 {[%clk 01:22:42]}
{[%emt 00:00:09]} 13. Rd1 {[%clk 01:06:11]} {[%emt 00:05:52]} Qe7 {[%clk
01:18:24]} {[%emt 00:04:48]} 14. Qc2 {[%clk 00:57:01]} {[%emt 00:09:39]} Nb6
{[%clk 01:04:20]} {[%emt 00:14:34]} 15. Be2 {[%clk 00:56:52]} {[%emt 00:00:39]}
c5 {[%clk 01:03:08]} {[%emt 00:01:43]} 16. Na2 {[%clk 00:52:52]} {[%emt
00:04:29]} cxd4 {[%clk 00:56:29]} {[%emt 00:07:09]} 17. Nxb4 {[%clk 00:53:03]}
{[%emt 00:00:19]} Qxb4 {[%clk 00:56:23]} {[%emt 00:00:36]} 18. Bd2 {[%clk
00:50:53]} {[%emt 00:02:40]} Qd6 {[%clk 00:51:37]} {[%emt 00:05:15]} 19. Bc3
{[%clk 00:48:43]} {[%emt 00:02:41]} Nbd5 {[%clk 00:47:02]} {[%emt 00:05:05]}
20. Bxd4 {[%clk 00:46:02]} {[%emt 00:03:11]} Rac8 {[%clk 00:44:25]} {[%emt
00:03:07]} 21. Qb3 {[%clk 00:45:30]} {[%emt 00:01:02]} Qb4 {[%clk 00:43:18]}
{[%emt 00:01:37]} 22. Qxb4 {[%clk 00:45:15]} {[%emt 00:00:46]} Nxb4 {[%clk
00:43:38]} {[%emt 00:00:10]} 23. Rac1 {[%clk 00:42:48]} {[%emt 00:02:57]} Nfd5
{[%clk 00:40:39]} {[%emt 00:03:29]} 24. Kf1 {[%clk 00:37:35]} {[%emt 00:05:43]}
Rfd8 {[%clk 00:35:53]} {[%emt 00:05:17]} 25. g3 {[%clk 00:31:34]} {[%emt
00:06:30]} Nc6 {[%clk 00:34:29]} {[%emt 00:01:54]} 26. Bc5 {[%clk 00:30:09]}
{[%emt 00:01:55]} b6 {[%clk 00:32:11]} {[%emt 00:02:48]} 27. e4 {[%clk
00:27:44]} {[%emt 00:02:55]} bxc5 {[%clk 00:31:14]} {[%emt 00:01:27]} 28. exd5
{[%clk 00:28:11]} {[%emt 00:00:03]} Nd4 {[%clk 00:30:03]} {[%emt 00:01:41]} 29.
Ba6 {[%clk 00:22:48]} {[%emt 00:05:53]} Rc7 {[%clk 00:26:53]} {[%emt 00:03:39]}
30. Rxd4 {[%clk 00:20:49]} {[%emt 00:02:29]} Ra7 {[%clk 00:26:35]} {[%emt
00:00:48]} 31. Rxc5 {[%clk 00:19:27]} {[%emt 00:01:52]} Rxa6 {[%clk 00:26:38]}
{[%emt 00:00:27]} 32. d6 {[%clk 00:14:25]} {[%emt 00:05:32]} Kf8 {[%clk
00:15:10]} {[%emt 00:11:58]} 33. Ke2 {[%clk 00:14:24]} {[%emt 00:00:31]} Ke8
{[%clk 00:14:48]} {[%emt 00:00:51]} 34. Ke3 {[%clk 00:11:51]} {[%emt 00:03:04]}
f6 {[%clk 00:09:23]} {[%emt 00:05:55]} 35. Rb5 {[%clk 00:11:54]} {[%emt
00:00:27]} Rd7 {[%clk 00:08:41]} {[%emt 00:01:11]} 36. b3 {[%clk 00:07:05]}
{[%emt 00:05:19]} Kf7 {[%clk 00:07:26]} {[%emt 00:01:45]} 37. f4 {[%clk
00:05:10]} {[%emt 00:02:25]} Ke8 {[%clk 00:04:25]} {[%emt 00:03:31]} 38. g4
{[%clk 00:03:50]} {[%emt 00:01:51]} Kf7 {[%clk 00:03:51]} {[%emt 00:01:04]} 39.
Ke4 {[%clk 00:01:35]} {[%emt 00:02:44]} f5 {[%clk 00:00:35]} {[%emt 00:03:46]}
40. Ke5 {[%clk 00:00:39]} {[%emt 00:01:26]} Rc6 {[%clk 00:30:12]} {[%emt
00:00:53]} 41. Rd3 {[%clk 00:21:39]} {[%emt 00:09:28]} Rc1 {[%clk 00:26:43]}
{[%emt 00:04:00]} 42. Rb6 {[%clk 00:09:02]} {[%emt 00:13:07]} Re1 {[%clk
00:14:50]} {[%emt 00:12:23]} 43. Kd4 {[%clk 00:09:26]} {[%emt 00:00:06]} Re4
{[%clk 00:14:36]} {[%emt 00:00:43]} 44. Kc5 {[%clk 00:09:48]} {[%emt 00:00:09]}
Rxf4 {[%clk 00:14:27]} {[%emt 00:00:39]} 45. Kc6 {[%clk 00:10:12]} {[%emt
00:00:06]} Ke8 {[%clk 00:13:17]} {[%emt 00:01:40]} 46. Rb8 {[%clk 00:09:25]}
{[%emt 00:01:17]} Rd8 {[%clk 00:13:42]} {[%emt 00:00:05]} 47. Rb7 {[%clk
00:08:57]} {[%emt 00:00:58]} Kf8 {[%clk 00:10:48]} {[%emt 00:03:24]} 48. Kc7
{[%clk 00:07:58]} {[%emt 00:01:30]} Ke8 {[%clk 00:10:36]} {[%emt 00:00:41]} 49.
Kc6 {[%clk 00:07:08]} {[%emt 00:01:19]} Kf8 {[%clk 00:08:05]} {[%emt 00:03:01]}
50. Re7 {[%clk 00:06:00]} {[%emt 00:01:38]} Re4 {[%clk 00:06:28]} {[%emt
00:02:07]} 51. Kc7 {[%clk 00:06:01]} {[%emt 00:00:30]} Ra8 {[%clk 00:06:18]}
{[%emt 00:00:40]} 52. Rc3 {[%clk 00:05:29]} {[%emt 00:01:01]} Ra7 {[%clk
00:04:07]} {[%emt 00:02:41]} 53. Kd8 {[%clk 00:05:39]} {[%emt 00:00:20]} Ra8
{[%clk 00:02:01]} {[%emt 00:02:36]} 54. Kd7 {[%clk 00:05:59]} {[%emt 00:00:10]}
Rd4 {[%clk 00:00:54]} {[%emt 00:01:36]} 55. Rxe6 {[%clk 00:05:37]} {[%emt
00:00:53]} f4 {[%clk 00:00:54]} {[%emt 00:00:30]} 56. Rxg6 {[%clk 00:02:21]}
{[%emt 00:03:46]} Kf7 {[%clk 00:00:38]} {[%emt 00:00:46]} 57. Rg5 {[%clk
00:02:38]} {[%emt 00:00:13]} Ra7 {[%clk 00:00:48]} {[%emt 00:00:20]} 58. Rc7
{[%clk 00:02:45]} {[%emt 00:00:23]} Ra6 {[%clk 00:00:39]} {[%emt 00:00:39]} 59.
Rf5 {[%clk 00:02:58]} {[%emt 00:00:17]} Kg6 {[%clk 00:00:46]} {[%emt 00:00:23]}
60. Rc6 {[%clk 00:03:07]} {[%emt 00:00:21]} Ra7 {[%clk 00:00:48]} {[%emt
00:00:29]} 61. Ke6 {[%clk 00:02:53]} {[%emt 00:00:44]} Rb7 {[%clk 00:00:37]}
{[%emt 00:00:41]} 62. Ke5 {[%clk 00:02:29]} {[%emt 00:00:54]} Rbb4 {[%clk
00:00:38]} {[%emt 00:00:30]} 63. d7 {[%clk 00:02:29]} {[%emt 00:00:30]} Kh7
{[%clk 00:01:01]} {[%emt 00:00:06]} 64. Ke6 {[%clk 00:02:24]} {[%emt 00:00:36]}
Rb8 {[%clk 00:00:48]} {[%emt 00:00:43]} 65. Rd6 {[%clk 00:02:37]} {[%emt
00:00:17]} Re4 {[%clk 00:00:35]} {[%emt 00:00:43]} 66. Kf7 {[%clk 00:02:54]}
{[%emt 00:00:13]} Rb7 {[%clk 00:00:31]} {[%emt 00:00:35]} 67. Rh5 {[%clk
00:03:17]} {[%emt 00:00:06]} 1-0